000
00272nam a2200109Ia 4500
008
190907s9999||||xx |||||||||||||| ||und||
100
_a
Colliers Jardine
245
0
_a
Asia Pacific Business Guide 1997
260
_a
NewYork
_b
Famous Books
_c
1997
300
_a
204
942
_c
BK
999
_c
6453
_d
6453